| 000 | 00428cam a2200169ua 4500 | ||
|---|---|---|---|
| 020 | _c3.75 | ||
| 041 |
_aeng _h |
||
| 082 |
_a621.01 _bPAN/NO |
||
| 100 | _aPandya, L b . | ||
| 245 |
_aNotes on mechanical technology part-2 / _cL B Pandya. _hTextual Documents |
||
| 260 |
_aNew Delhi : _bCharotar book stall , _c1962. |
||
| 300 | _a128 ; . | ||
| 365 | _a3.75 | ||
| 504 | _a | ||
| 942 | _cBK | ||
| 999 |
_c9311 _d9311 |
||